| 000 | 01425nam a2200361 i 4500 | ||
|---|---|---|---|
| 001 | 000016104 | ||
| 003 | DO-SdBNP | ||
| 005 | 20251014152424.0 | ||
| 007 | ta | ||
| 008 | 100225s2006 dr ac 000 0 spa d | ||
| 020 | _a9945421085 | ||
| 040 |
_aDO-SdBNP _bspa _cBNPHU _erda |
||
| 041 | _aspa | ||
| 082 | 4 |
_a923.8 _bT231e _222 |
|
| 100 | 1 |
_aEspinal Hernández, Edwin, _d1971- _98396 _4aut. _eautor |
|
| 245 | 1 | 0 |
_aManuel de Jesús Tavares Portes en el centenario de su fallecimiento, 1906 - 2006 / _cEdwin Hernández Espinal ; presentación Gustavo A. Tavares E. |
| 264 | 4 |
_aSanto Domingo, República Dominicana : _bInstituto Dominicano de Genealogía, _c©2006. |
|
| 300 |
_a315 páginas : _bilustraciones, retratos ; _c28 cm. |
||
| 336 |
_atexto _btxt _2rdacontent |
||
| 337 |
_asin mediación _bn _2rdamedia |
||
| 338 |
_avolumen _bnc _2rdacarrier |
||
| 490 | 0 |
_aHistoria Familiar _vno. 3 |
|
| 500 | _aIncluye índice | ||
| 500 | _aIncluye datos biográficos del autor en la solapa de la cubierta | ||
| 500 | _aIncluye notas al pie de las páginas | ||
| 504 | _aIncluye referencias bibliográficas (páginas 307-309) | ||
| 590 | _aInventariado, 2023 / DG | ||
| 650 | 4 |
_aComerciantes dominicanos _934673 |
|
| 650 | 4 |
_aTavares Portes, Manuel de Jesús, 1841-1906 _983113 |
|
| 700 | 1 |
_aTavares E., Gustavo A. _936091 _4pr. _epresentador |
|
| 910 | _aDG. Validado control de calidad/MAA | ||
| 942 |
_2ddc _cLBS1 |
||
| 999 |
_c15645 _d15645 |
||